Detalles MARC
| 000 -CABECERA |
| campo de control de longitud fija |
02034nam a2200385 i 4500 |
| 003 - IDENTIFICADOR DEL NÚMERO DE CONTROL |
| campo de control |
DO-SdBNP |
| 005 - FECHA Y HORA DE LA ÚLTIMA TRANSACCIÓN |
| campo de control |
20260303090148.0 |
| 006 - CÓDIGOS DE INFORMACIÓN DE LONGITUD FIJA--CARACTERÍSTICAS DEL MATERIAL ADICIONAL |
| campo de control de longitud fija |
a||||gr|||| 00| 0 |
| 007 - CAMPO FIJO DE DESCRIPCIÓN FÍSICA--INFORMACIÓN GENERAL |
| campo de control de longitud fija |
ta |
| 008 - DATOS DE LONGITUD FIJA--INFORMACIÓN GENERAL |
| campo de control de longitud fija |
240523e2023 dr ||||| |||| 00| e spa d |
| 020 ## - NÚMERO INTERNACIONAL ESTÁNDAR DEL LIBRO |
| Número Internacional Estándar del Libro |
9789945250572 |
| 040 ## - FUENTE DE LA CATALOGACIÓN |
| Centro catalogador/agencia de origen |
DO-SdBNP |
| Lengua de catalogación |
spa |
| Centro/agencia transcriptor |
BNPHU |
| Normas de descripción |
rda |
| 041 ## - CÓDIGO DE LENGUA |
| Código de lengua del texto/banda sonora o título independiente |
spa |
| 082 #4 - NÚMERO DE LA CLASIFICACIÓN DECIMAL DEWEY |
| Número de clasificación |
972.93053 |
| Número de documento/Ítem |
M338s |
| Número de edición |
22 |
| 245 04 - MENCIÓN DE TÍTULO |
| Título |
Los marines en Santo Domingo : |
| Resto del título |
selección de artículos publicados en sus revistas 1916-1965 / |
| Mención de responsabilidad, etc. |
compilador y prólogo, Eliades Acosta Matos ; traducción, Miriam Estela Milán Martín ; cuidado de edición, Kary Alba Rocha Arias. |
| 250 ## - MENCIÓN DE EDICIÓN |
| Mención de edición |
Primera edición |
| 264 #4 - PRODUCCIÓN, PUBLICACIÓN, DISTRIBUCIÓN, FABRICACIÓN Y COPYRIGHT |
| Producción, publicación, distribución, fabricación y copyright |
Santo Domingo, República Dominicana : |
| Nombre del de productor, editor, distribuidor, fabricante |
Archivo General de la Nación, |
| Fecha de producción, publicación, distribución, fabricación o copyright |
©2023. |
| 300 ## - DESCRIPCIÓN FÍSICA |
| Extensión |
623 páginas ; |
| Dimensiones |
26 cm. |
| 336 ## - TIPO DE CONTENIDO |
| Término de tipo de contenido |
texto |
| Código de tipo de contenido |
txt |
| Fuente |
rdacontent |
| 337 ## - TIPO DE MEDIO |
| Nombre/término del tipo de medio |
sin mediación |
| Código del tipo de medio |
n |
| Fuente |
rdamedia |
| 338 ## - TIPO DE SOPORTE |
| Nombre/término del tipo de soporte |
volumen |
| Código del tipo de soporte |
nc |
| Fuente |
rdacarrier |
| 490 0# - MENCIÓN DE SERIE |
| Mención de serie |
Archivo General de la Nación ; |
| Designación de volumen o secuencia |
464 |
| 500 ## - NOTA GENERAL |
| Nota general |
Incluye datos biográficos del compilador en las solapas de las cubiertas. |
| 500 ## - NOTA GENERAL |
| Nota general |
Incluye referencias bibliográficas y notas al pie de las páginas. |
| 505 ## - NOTA DE CONTENIDO CON FORMATO |
| Nota de contenido con formato |
Prólogo / |
| Mención de responsabilidad |
Eliades Acosta Matos.-- |
| Título |
Artículos del Gaceta del Cuerpo de Infantería de Marines, EE. UU.-- |
| -- |
Artículos de Gaceta de la Fuerza de Infantería de Marines, EE. UU.-- |
| -- |
Artículos de Gaceta del Cuerpo de Marines, EE. UU.-- |
| -- |
Artículos de Boletín del Cuerpo de Marines, EE. UU.-- |
| -- |
Artículos de El Marine, EE. UU.-- |
| 590 ## - NOTA LOCAL (RLIN) |
| Nota local |
Inventariado, 2024/BT |
| 651 #7 - PUNTO DE ACCESO ADICIONAL DE MATERIA--NOMBRE GEOGRÁFICO |
| Nombre geográfico |
República Dominicana |
| Subdivisión general |
Historia |
| -- |
Ocupación Militar |
| Subdivisión cronológica |
1916-1965 |
| 9 (RLIN) |
45242 |
| Subdivisión de forma |
Fuentes |
| 651 #7 - PUNTO DE ACCESO ADICIONAL DE MATERIA--NOMBRE GEOGRÁFICO |
| Nombre geográfico |
Estados Unidos |
| Subdivisión general |
Relaciones militares |
| Subdivisión geográfica |
República Dominicana |
| 9 (RLIN) |
88583 |
| 651 #9 - PUNTO DE ACCESO ADICIONAL DE MATERIA--NOMBRE GEOGRÁFICO |
| Nombre geográfico |
República Dominicana |
| Subdivisión general |
Relaciones militares |
| Subdivisión geográfica |
Estados Unidos |
| 9 (RLIN) |
88584 |
| 700 1# - PUNTO DE ACCESO ADICIONAL--NOMBRE DE PERSONA |
| Nombre de persona |
Acosta Matos, Eliades, |
| Fechas asociadas al nombre |
1959- |
| Término indicativo de función/relación |
compilador |
| Código de función/relación |
com. |
| -- |
pr. |
| Término indicativo de función/relación |
prologuista |
| 9 (RLIN) |
74479 |
| 700 1# - PUNTO DE ACCESO ADICIONAL--NOMBRE DE PERSONA |
| Nombre de persona |
Milán Martín, Miriam Estela, |
| Término indicativo de función/relación |
traducción |
| 9 (RLIN) |
79355 |
| 700 1# - PUNTO DE ACCESO ADICIONAL--NOMBRE DE PERSONA |
| Nombre de persona |
Rocha Arias, Kary Alba, |
| Término indicativo de función/relación |
cuidado de edición |
| 9 (RLIN) |
81514 |
| 910 ## - DATOS DE OPCIÓN DEL USUARIO (OCLC) |
| Datos de opción del usuario |
Btavárez |
| 942 ## - ELEMENTOS DE PUNTO DE ACCESO ADICIONAL (KOHA) |
| Fuente del sistema de clasificación o colocación |
Dewey Decimal Classification |
| Tipo de ítem Koha |
Libro |